Tom thumb / (Record no. 111688)
[ view plain ]
| 000 -LEADER | |
|---|---|
| fixed length control field | 00549nam a2200193 a 4500 |
| 001 - CONTROL NUMBER | |
| control field | 3824 |
| 005 - DATE AND TIME OF LATEST TRANSACTION | |
| control field | 20140414131920.0 |
| 008 - FIXED-LENGTH DATA ELEMENTS--GENERAL INFORMATION | |
| fixed length control field | 061017s19uu xx 00 eng d |
| 050 ## - LIBRARY OF CONGRESS CALL NUMBER | |
| Classification number | ER |
| Item number | T59 1993 |
| 100 ## - MAIN ENTRY--PERSONAL NAME | |
| Personal name | Daly, Audrey |
| 245 ## - TITLE STATEMENT | |
| Title | Tom thumb / |
| Statement of responsibility, etc | Audrey Daly ; illustrated by Peter Stevenson. |
| 260 ## - PUBLICATION, DISTRIBUTION, ETC. (IMPRINT) | |
| Place of publication, distribution, etc | Leicerstershire, UK : |
| Name of publisher, distributor, etc | Ladybird Books, |
| Date of publication, distribution, etc | 1993. |
| 300 ## - PHYSICAL DESCRIPTION | |
| Extent | p. ; cm. |
| 440 ## - SERIES STATEMENT/ADDED ENTRY--TITLE | |
| Title | Favourite tales |
| 520 ## - SUMMARY, ETC. | |
| Summary, etc | based on a story by Jacob and Wilhelm Grimm. |
| 650 ## - SUBJECT ADDED ENTRY--TOPICAL TERM | |
| Topical term or geographic name as entry element | Children stories. |
| Withdrawn status | Lost status | Damaged status | Use restrictions | Home library | Current library | Shelving location | Date acquired | Source of acquisition | Total Checkouts | Full call number | Barcode | Date last seen | Price effective from | Koha item type |
|---|---|---|---|---|---|---|---|---|---|---|---|---|---|---|
| Munich Library | Munich Library | Easy Reading Section | 10/17/2006 | ER T59 1993 | M2553 | 04/14/2014 | 04/14/2014 | Books | ||||||
| Munich Library | Munich Library | Easy Reading Section | 10/26/2010 | ER T59 1993 | M2815 | 04/14/2014 | 04/14/2014 | Books |